Statistics for Taylor Swift - Cruel Summer Lyrics

Click here to take the quiz!

General Stats

  • This quiz has been taken 37 times
  • The average score is 343 of 411

Answer Stats

Answer% Correct
"i
100%
i
100%
the
100%
you"
100%
you
100%
cruel
96%
"i'm
96%
i'm
96%
summer
96%
that
96%
what
96%
your
96%
a
93%
for
93%
in
93%
it
93%
it's
93%
its
93%
night
93%
of
93%
shape
93%
to
93%
and
89%
be
89%
blue
89%
body
89%
boy
89%
devil
89%
he
89%
know
89%
oh
89%
angels
85%
bad
85%
eyes
85%
i've
85%
just
85%
me
85%
with
85%
but
81%
dice
81%
doesnt
81%
dream
81%
got
81%
high
81%
kill
81%
roll
81%
shiny
81%
their
81%
waiting
81%
want
81%
always
78%
devils
78%
ever
78%
every
78%
feeling
78%
from
78%
like
78%
makes
78%
more
78%
my
78%
new
78%
toy
78%
true
78%
up
78%
window
78%
ain't
74%
aint
74%
baby
74%
back
74%
bar
74%
car
74%
caught
74%
coming
74%
drunk
74%
fever
74%
fine"
74%
garden
74%
gate
74%
home
74%
love
74%
out
74%
price
74%
quiet
74%
said
74%
slow
74%
wasn't
74%
worth
74%
below
70%
bought
70%
cool
70%
cried
70%
don't
70%
glow
70%
heard
70%
keep
70%
killing
70%
no
70%
secrets
70%
that's
70%
thing
70%
through
70%
wanna
70%
whatever
70%
worst
70%
bleed
67%
fate
67%
heaven
67%
last
67%
looks
67%
machine
67%
rules
67%
seal
67%
snuck
67%
vending
67%
you'll
67%
breakable
63%
grinning
63%
head
63%
if
63%
low
63%
not
63%
so
63%
tell
63%
trying
63%
cut
59%
hang
59%
knife
59%
say
59%
screamed
59%
dying
56%
times
56%
we're
56%
bone
52%
'em
52%
headlights
52%
screw
52%
summer's
52%
these
52%
we'll
52%
woah
48%

Score Distribution

Percentile by Number Answered

Percent of People with Each Score

Your Score History

You have not taken this quiz